000
00421nam a2200145Ia 4500
008
100122s9999 xx 000 0 und d
082
_b
40532
_a
915.41
100
_a
देशपांडे सुषमा
245
_a
संगत पंगत
260
_b
सुरस प्रकाशन
_c
1987
300
_a
206
630
_a
संगत पंगत
730
_a
संगत पंगत
942
_c
BOOK
999
_c
421397
_d
421394